HARD MATH SYMBOL QUIZ - Statistics

General Stats
  • This quiz has been taken 18 times
  • The average score is 5 of 20
Answer Stats
Hint Answer % Correct
If and only if
82%
Empty set
65%
Much greater than
35%
Surface integral
29%
# Cardinality
24%
Function composition
24%
Maps to
24%
Proper subset
24%
Set of quaternions
24%
Tensor product
24%
∃! Uniqueness quantification
18%
⊥ (up tack, not perpendicular ⟂) Always false
12%
𝔠 Cardinality of the continuum
12%
Exclusive or
12%
Non-divisibility
12%
Succeeds
12%
Wreath product
12%
Product of power series
6%
$ (e.g. x$) Superfactorial
6%
Yoneda embedding
6%
No matching quizzes found
Score Distribution
Percent of People with Each Score
Percentile by Number Answered
Your Score History
You have not taken this quiz